000 00741nam a22002297a 4500
003 UA-OsUOA
001 52675
007 ta
008 20150720b un ||||| |||| 00| 0 ukr d
090 _a09-94(477).152(К)
_bД76
942 _cBK
040 _aUA-OsUOA
_bukr
_cUA-OsUOA
_dUA-OsUOA
245 _aДругий Все-канадійський конгрес українців Канади. Торонто, 4, 5, 6 червня 1946
300 _a198 с.
955 _a1
041 _aukr
080 _a09-94(477).152(К)
260 _aВінніпег
650 7 _a0 Загальний відділ.
_2UDC
999 _c432796
_d432796